LEADER 01495nam a2200289 i 4500 001 000000251040 003 CaOOAMICUS 005 20230620101435.0 008 160831s1743 it u000 u ita u 026 $at-il i?a- tesi mago (3) 1743 (R) 040 $aSeMil$bita 100 1 $aMuratori, Ludovico Antonio,$d<1672-1750>.$0(OLS)http://semarc/name/3167 245 10$aDei difetti della giurisprudenza trattato di Lodovico Antonio Muratori bibliotecario del sereniss. sig. duca di Modena, .. 250 $aSeconda edizione. 260 $aIn Venezia :$bPresso Giambatista Pasquali,$c1743. 300 $a232 p. ;$c8º. 500 $aIniz. xilogr. 500 $aMarca editoriale: Al centro di raggi luminosi Minerva tiene uno scudo nella mano sinistra e un libro nella mano destra. Motto: La felicità delle lettere. (Repertorio consultato: Delalain-Marques, BNF). 500 $aSegn.: A-N8 O12 650 4$aGiurisprudenza.$0(OLS)http://semarc/subject/42986 700 1 $aPasquali, Giovanni Battista,$c.$0(OLS)http://semarc/name/2945 850 $aSeMil 852 $aSeMil$W1$xVenegono$y1$m3L III 178 FA$j201386$B201386$CSeMilBibl$Z2$F213152 $8I 961 $aRecupero: Mantegazza 996 $6245$aDei difetti della giurisprudenza trattato di Lodovico Antonio Muratori bibliotecario del sereniss. sig. duca di Modena, ..$9(OLS)http://semarc/title/353165 996 $6260$aIn Venezia :$bPresso Giambatista Pasquali$9(OLS)http://semarc/publisher/31414 LEADER 01551nam a2200277 i 4500 001 000000095741 003 CaOOAMICUS 005 20240131132047.0 008 141117s1723 it u000 u ita u 026 $arao- rene uila nal' (3) 1722 (R) 040 $aSeMil$bita 100 1 $aBulteau, Louis,$d<1625-1693>.$0(OLS)http://semarc/name/36491 245 10$aIstoria dell'ordine monastico, nella quale vedesi l'origine, ed il progresso dello stato religioso, la disciplina de i primi istituti, la fondazione di molte illustri comunità, le vite, e massime de i Padri del Deserto, .. Opera di Luigi Bulteau . 260 $aIn Parma :$bPer Paolo Monti all' Insegna della Fede,$c1723. 300 $aXX, 448 p. ;$c8°. 500 $aIniz., testatine e finalini xilogr. 500 $aSegn.: pg4 *6 A-2E8 650 4$aMonachesimo - Storia.$0(OLS)http://semarc/subject/938 700 1 $aMonti, Paolo,$c.$0(OLS)http://semarc/name/7200 850 $aSeMil 852 $aSeMil$W1$xVenegono$y1$m3C II 33 FA$j56021$B56021$CSeMilBibl$Z2$F63342 $8I 941 1 $a10 961 $aRecupero: Mantegazza 996 $6245$aIstoria dell'ordine monastico, nella quale vedesi l'origine, ed il progresso dello stato religioso, la disciplina de i primi istituti, la fondazione di molte illustri comunità, le vite, e massime de i Padri del Deserto, .. Opera di Luigi Bulteau .$9(OLS)http://semarc/title/119241 996 $6260$aIn Parma :$bPer Paolo Monti all' Insegna della Fede$9(OLS)http://semarc/publisher/43146